000 01163cam a2200337 i 4500
001 952980377
003 OCoLC
005 20241021103506.0
008 160825s2017 miua b 001 0 eng
010 _a2016039056
020 _a9780310524175
020 _a0310524172
035 _a(OCoLC)952980377
040 _aNcWfSB/DLC
_beng
_erda
_cNVS
_dDLC
_dBTCTA
_dYDXCP
_dBDX
_dOCLCO
_dOCLCF
_dOCLCQ
_dYDX
_dOCLCO
042 _apcc
050 _aREF 220.601 K64I
_b.K545 2017
082 _aREF 220.601 K64I
100 1 _aKlein, William W.
_q(William Wade),
_eauthor
_9195
245 1 0 _aIntroduction to biblical interpretation /
_cWilliam W. Klein, Craig L. Blomberg, Robert L. Hubbard, Jr
250 _aThird edition
264 1 _aGrand Rapids, Michigan :
_bZondervan,
_c[2017]
300 _a718 pages ;
_c24 cm
336 _atext
_btxt
_2rdacontent
337 _aunmediated
_bn
_2rdamedia
338 _avolume
_bnc
_2rdacarrier
504 _aIncludes bibliographical references and indexes
630 0 0 _aBible
_xHermeneutics
_9139
700 1 _aBlomberg, Craig L.,
_d1955-
_eauthor
_9196
700 1 _aHubbard, Robert L.,
_cJr.,
_d1943-
_eauthor
_9197
942 _2ddc
_cBK
999 _c11181
_d11181